000 00432nam a2200169Ia 4500
008 230711s9999||||xx |||||||||||||| ||und||
020 _a978-81-321-1007-1(PB
041 _aENG
082 _a303.34
_bNO-L
100 _aNorthouse,Peter G
245 0 _aLeadership : Theory and practice
250 _a6th Ed.
260 _c2013
_aNew Delhi
_bSAGE Publication
300 _a485p.
650 _aUNIVESITY BUSNIESS SCHOOL
942 _cBK
999 _c6420
_d6420